000 00383nam a2200157Ia 4500
008 221030s9999 xx 000 0 und d
020 _a8177584111
041 _aEnglish
100 _aW. Wolf
245 0 _aModern VLSI Design System-on -Chip Design
_cby W. Wolf
250 _a3rd
260 _bPearson Education
_aNew Delhi
_c2008
300 _a622
650 _aECE
942 _cBK
999 _c16029
_d16029